Космосът (Запис номер 153939)
[ съкратено ]
| 000 -Лидер | |
|---|---|
| Контролно поле с фиксирана дължина | 02142nam a2200421 a 4500 |
| 003 - Код на организацията, давaща контролен номер | |
| Контролно поле | BLK |
| 005 - Дата и час на последна редакция | |
| Контролно поле | 20250625122809.0 |
| 008 - Елементи от данни с фиксирана дължина | |
| fixed length control field | 180410b bul|||||r ||||||| ||bul|| |
| 010 ## - Наследен системен номер | |
| LC control number | KNG00160505000 |
| 020 ## - Международен стандартен номер на книга ISBN | |
| Международен стандартен номер на книга ISBN | 978-619-7022-06-3 |
| 040 ## - Източник на каталожния запис | |
| Идентификатор на билиотеката - собственик на записа | BLK |
| 041 ## - Код за език | |
| Код за езика на текст/звукозапис или на отделно заглавие | Български |
| Код за езика КДБФ | Български |
| 072 #7 - Код за тематичната категория | |
| Код организация | bullib |
| Код за тематична категория | Н86 |
| Текст | Детска отраслова литература Н |
| 080 ## - УДК | |
| Текстов определител УДК | Издания за деца и юноши. Книжки-картинки. Читанки. Вж и 372.4 |
| УДК код - определител по УДК | 087.5 |
| УДК - код + определител | 087.5 |
| 080 ## - УДК | |
| Текстов определител УДК | Авиация и космонавтика. Летателни апарати. Ракетна техника. Космическа техника. Космическа техника |
| УДК код - определител по УДК | 629.7 |
| УДК - код + определител | 629.7 |
| 100 1# - Редна дума - Автор | |
| Автор | Гринберг, Делфин |
| Авторска отговорност | първи автор |
| R(LIN) | 332248 |
| 139 ## - Редно поле | |
| Редна дума | Гринберг, Делфин |
| Авторски знак | Грин - Г 84 |
| 245 10 - Сведения за заглавието | |
| Заглавие | Космосът |
| Подзаглавни данни | 4 - 6 г. |
| Редно поле (дума) | Делфин Гринберг; ил. Жан-Франсоа Пенишу; прев. Велимира Костадинова Костова-Върлакова; прев. Васил Стефанов Върлаков. |
| 257 ## - Страна на издаване | |
| Страна на създаване/издаване | Франция |
| 260 ## - Област на издателските данни | |
| Място на издаване, разпространение и проч. | София |
| Име на издателя, разпространителя и проч. | Джи би груп |
| Година на издаване | 2012 |
| Печатница | Франция |
| 300 ## - Физическа характеристика | |
| Страници | 29 с. |
| Илюстрации и др. | с цв. ил. |
| Размери/Мащаб | 26 см |
| 380 ## - Жанр | |
| Жанр | Детска отраслова лит. |
| 490 ## - СЕРИИ (Колекции) | |
| Име на серия | Въпроси, отговори |
| №: серия | 6 |
| 9 (RLIN) | 207744 |
| ISSN | ISSN C634-2574 |
| 500 ## - Общи забележки | |
| Забележка | Ориг. загл.: L'espace / Delphine Grinberg. - Имената на прев. отбелязани на гърба на предзагл. с. |
| 650 #4 - Допълнително описание по предмет – тема | |
| Основно описание – тема или топоним | Книжки-картинки |
| 9 (RLIN) | 267880 |
| 653 ## - Ключова дума – ненормативна | |
| Ключова дума | книжки-картинки |
| 659 ## - Тематичен бюлетин | |
| Тематичен бюлетин | Н |
| 700 1# - Други автори (авторска отговорност) | |
| Лично име | Пенишу, Жан-Франсоа |
| Автороска отговорност (Описва отношението между автора и произведението) | ил. |
| 9 (RLIN) | 108153 |
| 700 1# - Други автори (авторска отговорност) | |
| Лично име | Костова-Върлакова, Велимира Костадинова |
| Автороска отговорност (Описва отношението между автора и произведението) | прев. |
| 9 (RLIN) | 370076 |
| 700 1# - Други автори (авторска отговорност) | |
| Лично име | Върлаков, Васил Стефанов |
| Автороска отговорност (Описва отношението между автора и произведението) | прев. |
| 9 (RLIN) | 332246 |
| 852 ## - Местоположение | |
| Форматна сигнатура | Цб ІІ 19928 |
| 856 4# - Електронен адрес и достъп | |
| Електронен формат | pdf - файл |
| Инструкция (цена за достъп) | 0.00 |
| Права за достъп | disable |
| 856 4# - Електронен адрес и достъп | |
| Електронен формат | pdf - файл |
| Инструкция (цена за достъп) | 0.00 |
| Права за достъп | disable |
| 999 ## - СИСТЕМНИ КОНТРОЛНИ НОМЕРА | |
| Koha biblionumber | 153939 |
| Koha biblioitemnumber | 153939 |
| 942 ## - АРТИКУЛИ | |
| Вид на библиотечния материал | Книги |
| Скрит в OPAC | Не |
| Периодичен библиозапис | Да |
| Koha issues (borrowed), all copies | 7 |
| 944 ## - СЪЗДАВАНЕ И РЕДАКЦИЯ на ЗАПИСА | |
| Създаване/Редакция | Създаване |
| Дата на регистрацията/редакция | 12.05.2014 |
| Служител, извършил регистрацията/редакцията | 30534 |
| Статус, дата на статуса | Радостина Карадакова |
| 944 ## - СЪЗДАВАНЕ И РЕДАКЦИЯ на ЗАПИСА | |
| Създаване/Редакция | Редакция |
| Дата на регистрацията/редакция | 21.01.2015 |
| Служител, извършил регистрацията/редакцията | Грета_Цуфелде |
| 999 ## - СИСТЕМНИ КОНТРОЛНИ НОМЕРА | |
| Koha biblioitemnumber | 153939 |
| Код за отписване | Код за изгубен артикул | Код за повреда | Коз за рестрикции | Код за отдаване | Артикулен № | Име на библиотеката - собственик | Име на библиотеката, в която се намира в момента | Статус (Текущо местоположение) | Дата на вписване в системата | Местоположение - отдел | Цена в лева | Инвентарен номер | Систематично азбучна сигнатура | Баркод | Номер на екземпляра | Цена в евро | Служебна бележка | Служебен тип на артикула | Източник на класификационната схема |
|---|---|---|---|---|---|---|---|---|---|---|---|---|---|---|---|---|---|---|---|
| Не е изгубен | Не е повреден | без рестрикции | ползва се в читалня | 258053 | Регионална библиотека "Любен Каравелов" Русе | Регионална библиотека "Любен Каравелов" Русе | Хранилище | 2014-05-09 | Хранилище | 8.00 | 120000777188 | Цб ІІ 19928 | 120000777188 | 1 | 4.09 | Дост: Dp Вид: Д N: 25 Дата: 10.06.2013 | Книги | ||
| Не е изгубен | Не е повреден | без рестрикции | заемане за дома | 925862 | Регионална библиотека "Любен Каравелов" Русе | Регионална библиотека "Любен Каравелов" Русе | Детски отдел | 2023-03-29 | Детски отдел | 9.80 | 120000885171 | 629.7/Г 84 Д | 120000885171 | 5.01 | Книги | Universal Decimal Classification |